DROM ou COM ? - Statistiques

Statistiques générales
  • Ce quiz a été pris 245 fois
    237 depuis la dernière actualisation
  • Le résultat moyen est 9 sur 10
Statistiques - réponses
Hint Réponse % Correct
Martinique DROM
91%
Guadeloupe DROM
91%
Guyane DROM
91%
La Réunion DROM
91%
Mayotte DROM
90%
Wallis-et-Futuna COM
86%
Saint-Barthélémy COM
86%
Saint-Martin COM
86%
Polynésie Française COM
83%
Saint-Pierre-et-Miquelon COM
82%
Aucun quiz correspondant
Distribution des résultats
% des personnes avec chaque résultat
Percentile par nombre de réponses
Votre historique - résultats
Vous n’avez pas pris ce quiz depuis la dernière actualisation